00331nam a2200121 a 4500008004100000050001500041100003700056245004400093260002200137300002100159350000900180700002000189120416s1975 xx |||||||||||||| || u aTS 156 Jar aJardine, Andrew Kennedy Skilling10aStatistical methods for quality control abHeinemannc1975 aix, 195p. : ill. a0.00 aGreensted, C. S